Les pays contenant V en 4 minutes - Statistiques

Statistiques générales
  • Ce quiz a été pris 493 fois
  • Le résultat moyen est 13 sur 20
Statistiques - réponses
pays % Correct
Venezuela
94%
Vatican
92%
Vanuatu
82%
Viêt Nam
77%
Slovénie
76%
Nouvelle-Zélande
74%
Slovaquie
74%
Norvège
72%
Bolivie
65%
Moldavie
63%
Tuvalu
63%
Kosovo
62%
Saint-Vincent-et- les-Grenadines
62%
Papouasie- Nouvelle-Guinée
57%
Bosnie-Herzégovine
54%
Salvador
49%
Saint-Christophe- et-Niévès
46%
Cabo Verde
42%
Maldives
38%
Côte d'Ivoire
33%
Aucun quiz correspondant
Distribution des résultats
% des personnes avec chaque résultat
Percentile par nombre de réponses
Votre historique - résultats
Vous n’avez pas pris ce quiz